Basic Dat Analysis Using R-Progaramming/ (Record no. 204662)
[ view plain ]
| 000 -LEADER | |
|---|---|
| fixed length control field | 00825nam a22002417a 4500 |
| 005 - DATE AND TIME OF LATEST TRANSACTION | |
| control field | 20260506145432.0 |
| 010 ## - LCCN (DPL NO) | |
| LC control number | ENG-140782 ENG-148368 |
| 020 ## - INTERNATIONAL STANDARD BOOK NUMBER | |
| International Standard Book Number | 9789393662071 |
| Terms of availability | 150.00 |
| 035 ## - SYSTEM CONTROL NUMBER | |
| System control number | EN-124314 |
| 035 ## - SYSTEM CONTROL NUMBER | |
| System control number | EN-131900 |
| 037 ## - SOURCE OF ACQUISITION | |
| Source of stock number/acquisition | DBAD |
| 082 ## - DEWEY DECIMAL CLASSIFICATION NUMBER | |
| Classification number | 005.3 |
| Edition number | 1 |
| 100 ## - MAIN ENTRY--PERSONAL NAME | |
| Personal name | Chatterjee, Sushmita |
| 245 ## - TITLE STATEMENT | |
| Title | Basic Dat Analysis Using R-Progaramming/ |
| Statement of responsibility, etc | By Sushmita Chatterjee; Sumona Datta [and] J.K Das |
| 250 ## - EDITION STATEMENT | |
| Edition statement | 1 |
| 260 ## - PUBLICATION, DISTRIBUTION, ETC. (IMPRINT) | |
| Place of publication, distribution, etc | Kolkata |
| Name of publisher, distributor, etc | Academic publishers |
| Date of publication, distribution, etc | 2022 |
| 270 ## - ADDRESS | |
| Address | 5A Bhawani Dutta Lane |
| City | Kolkata |
| Postal code | 700073 |
| Electronic mail address | contact@academicpublishers.in |
| 300 ## - PHYSICAL DESCRIPTION | |
| Extent | 98p. |
| Dimensions | 24cm(pbk) |
| 500 ## - GENERAL NOTE | |
| General note | UG Courses Economics Statistics Skill Enhancement Course etc |
| 700 ## - ADDED ENTRY--PERSONAL NAME | |
| Personal name | Datta, Sumona |
| Relator term | Author |
| 9 (RLIN) | 69127 |
| 700 ## - ADDED ENTRY--PERSONAL NAME | |
| Personal name | Das, J.K |
| Relator term | Author |
| 9 (RLIN) | 69128 |
| 942 ## - ADDED ENTRY ELEMENTS (KOHA) | |
| Source of classification or shelving scheme | Dewey Decimal Classification |
| Item type | English Books |
| Classification part | 005.3 |
| Call number suffix | CHA |
| Edition | 1 |
| Withdrawn status | Lost status | Not for loan | Collection code | Home library | Current library | Date acquired | Source of acquisition | Cost, normal purchase price | Full call number | Barcode | Copy number | Cost, replacement price | Koha item type |
|---|---|---|---|---|---|---|---|---|---|---|---|---|---|
| Not For Loan | Non-fiction | D.B.Act.Division | D.B.Act.Division | 06/05/2026 | Delivery of Books Act Division | 150.00 | 005.3 CHA | EN-131900 | 1 | 150.00 | English Books | ||
| Non-fiction | Patel Nagar | Patel Nagar | 01/08/2024 | DBAD | 150.00 | 005.3 CHA | EN-124314 | 1 | 150.00 | English Books |
